Tekhnologicheskiĭ neokolonializm : istoki i sovremennai︠a︡ praktika /
Disimpan dalam:
| Pengarang Utama: | |
|---|---|
| Format: | Buku |
| Bahasa: | Russian |
| Diterbitkan: |
Moskva :
Izd-vo "Nauka," Glav. red. vostochnoĭ lit-ry,
1985.
|
| Subjek-subjek: | |
| Penanda-penanda: |
Tambah Penanda
Tiada Penanda, Jadilah orang pertama menanda rekod ini!
|
| LEADER | 01118nam a2200265 a 4500 | ||
|---|---|---|---|
| 001 | 001382425-2 | ||
| 005 | 20020606090541.3 | ||
| 008 | 870630s1985 rura b 00010 ruso | ||
| 010 | |a 86130530 | ||
| 020 | |c 1.10rub | ||
| 035 | 0 | |a ocm16353839 | |
| 040 | |a DLC |c DLC |d CRL | ||
| 043 | |a d------ | ||
| 050 | 0 | |a HC59.72.T4 |b S525 1985 | |
| 100 | 1 | |a Shitov, V. N. |q (Vladimir Nikolaevich) | |
| 245 | 1 | 0 | |a Tekhnologicheskiĭ neokolonializm : |b istoki i sovremennai︠a︡ praktika / |c V.N. Shitov. |
| 260 | 0 | |a Moskva : |b Izd-vo "Nauka," Glav. red. vostochnoĭ lit-ry, |c 1985. | |
| 300 | |a 154 p. : |b ill. ; |c 20 cm. | ||
| 500 | |a At head of title: Akademii︠a︡ nauk SSSR. Ordena Trudovogo Krasnogo Znameni Institut vostokovedenii︠a︡. | ||
| 504 | |a Bibliography: p. 146-[151]. | ||
| 650 | 0 | |a Technology transfer |z Developing countries. | |
| 651 | 0 | |a Developing countries |x Dependency on foreign countries. | |
| 776 | 0 | 8 | |i Online version: |a Shitov, V.N. (Vladimir Nikolaevich). |t Tekhnologicheskiĭ neokolonializm. |d Moskva : Izd-vo "Nauka," Glav. red. vostochnoĭ lit-ry, 1985 |w (OCoLC)569385496 |
| 988 | |a 20020608 | ||
| 906 | |0 DLC | ||


